=LDR 00000nam 2200000 4500 =001 INLIS000000000013892 =005 20130612105219 =008 ***********************************Ind** =035 ##$$0010-061300000013892 =041 ##$$a Ind =082 ##$$a 634.310 2 =090 ##$$a 634.310 2, Ham m =100 ##$$a Hambali, Erliza =245 ##$$a Membuat aneka olahan mangga, Erliza Hambali, Ani Suryani, Nani Widianingsih =260 ##$$a 2004 $b Jakarta =300 ##$$a 84 hlm, Ilus, 21 cm =650 ##$$a Mangga ( makanan ) - Aneka ragam =700 ##$$a Suryani, Ani =850 ##$$a NBPNMAT